Národní hymny

Uložené v:
Podrobná bibliografia
Hlavní autori: Štolc, Emil 1888-1940 (Adapter), Škroup, František, 1801-1862 (Composer), Rouget de Lisle, Claude-Joseph 1760-1836 (Composer), Matúška, Janko, 1821-1877 (Composer)
Médium: Hudobnina
Jazyk:Czech
Vydané: Praha : Štolc, 1931.
Edícia:Melodion Hudba smyčcová
ISBN: (brož.)
Fyzický popis: 13 s.
Tagy: Pridať tag
Žiadne tagy, Buďte prvý kto otaguje tento záznam!

MARC

LEADER 00000ncm a22000004a 4500
001 000412621
005 20260330122722.0
008 121209s1931 xr e 000 0 cze d
FMT
020 |a (brož.) 
040 |a SVKKK  |b slo  |c SVKKK  |e AACR2 
041 0 |a cze 
043 |a e-xo--- 
245 1 0 |a Národní hymny  |h [hudobnina]  |c [upr.] E. Štolc. 
260 |a Praha :  |b Štolc,  |c 1931. 
300 |a 13 s. 
490 1 |a Melodion. Hudba smyčcová  |v č. 387 
505 0 0 |t Hej Slované --  |t Kde domov můj / F. Škroup --  |t Marseillaisa / C.J. Rouget --  |t Nad Tatrou / J. Matuška 
700 1 |a Štolc, Emil  |d 1888-1940  |4 adp 
700 1 |a Škroup, František,  |d 1801-1862.  |4 cmp 
700 1 |a Rouget de Lisle, Claude-Joseph  |d 1760-1836  |4 cmp 
700 1 |a Matúška, Janko,  |d 1821-1877  |4 cmp 
830 0 |a Melodion  |p Hudba smyčcová 
910 |a svkkk 
998 |a MU 
OWN
Z30 1 |l SCK01  |l SCK01  |m BOOK  |1 SCKHL  |2 SK1  |b Sklad Hlavná 10 suterén  |3 I.38518  |6 452667  |q 19711209  |5 2720279610  |8 20121209  |g EMPTYKNIHA  |e  0000  |f 09  |s Prezenčne  |h SCKRT  |t 00000000  |u 0000  |w 000412621  |x 000010  |r 000 
a02 0 |a (brož.) 
090 |g SCKHL  |k Sklad Hlavná 10 suterén  |a I.38518  |j 452667  |i 2720279610  |s Prezenčne  |r 000